00455nam a2200193 a 4500001001300000003000900013005001700022008004100039020001000080082001500090100001700105245002400122260003300146300000900179500003500188505001000223650001100233700001700244nice12345678IN_TiNIC20260116012137.0050524s1973 dela grp 000 0 eng  ac10000a297.4bKEL aKeller, Carl aMystical Literature aDelhibDeni Book Depotc1973 a100p aincludes index and biblioraphy2 aNotes aSufism1 aKeller, Carl